000 01083cam a2200205 4500
001 L130055
008 050617n2005 000 0 eng u
035 _a(Sirsi) u130055
041 _aeng
050 _a333.7
_c18
110 _aCountryside Agency
_93740
245 _aManaging public access
_ba guide for land managers
260 _c2005
300 _a84p.
520 _aThis guide is intended to help landowners, managers and their advisors to understand the law on public rights of way and countryside access management. Covers: public rights of access; public rights of way; access for disabled people; access payment schemes and other agreements; provision for sports and other formal activities; public safety and liability; and access issues and solutions. Further information. Glossary.
590 _aIKA210605
690 _aPROPERTY-RURAL AND NATURAL ASSETS-RURAL AND NATURAL ASSET MANAGEMENT-LAND MANAGEMENT
856 _uhttps://naturalengland.etraderstores.com/NaturalEnglandShop/CA210
_zView the guide free of charge at www.naturalengland.org.uk
942 _n0
999 _c104337
_d104337